Sports Quiz

Random Sports or Clickable Quiz

Sports on Wikipedia Quiz Stats

Quiz Updated Aug 2, 2015

Also try: Clikipedia: Gross!
Challenge
Share
Tweet
Embed
Score 0/20 Timer 04:00
0 Plays Today
% Correct
Basketball
97.2%
Tennis
95.5%
Golf
95.1%
Baseball
93.9%
American Football
92.9%
Sumo Wrestling
92.6%
Gymnastics
91.6%
Cricket
88.3%
Badminton
88.3%
Powerlifting
85.7%
% Correct
Auto racing
85.4%
Ice Hockey
82.6%
Roller Derby
77.8%
Curling
76.5%
Rowing
73.6%
Table Tennis
73.5%
Bowling
71.3%
Volleyball
69.7%
Football (soccer)
62.7%
Water Polo
61.5%

You're not logged in!

Compare scores with friends on all Sporcle quizzes.
Sign Up with Email
OR
Log In

You Might Also Like...

Show Comments

Extras

Top Quizzes Today


Score Distribution

Your Account Isn't Verified!

In order to create a playlist on Sporcle, you need to verify the email address you used during registration. Go to your Sporcle Settings to finish the process.

Report this User

Report this user for behavior that violates our Community Guidelines.

Details: